00612nam a22002177a 450000500170000001000130001702000100003003500130004003700160005304000120006908200130008110000220009424500940011626000370021027000420024730000310028965000240032065000100034470000180035470000220037220170124110038.0 aA-233342 c00.00 aA-233342 bCen Lib/Ret aDPLbEN a882bTEN aTendulkar, Vijay  aGhashiram kotwal /cby Vijay tendulkar; translated by Jayant Karve [and] Elenzor Zelliot  aCalcutta bSeagull Books c1984  bCalcutta a26, circus avenue e700017 axv, 55p. ;c21cm(Hb)bill. aEnglish literature  aDrama aKarve, Jayant aZelliot, Eleanor